[Event "FBL 1"]
[Site "?"]
[Date "2019.02.09"]
[Round "7.3"]
[White "Mar, Karmen"]
[Black "Cornette, Deimante"]
[Result "0-1"]
[WhiteElo "2041"]
[BlackElo "2449"]
[PlyCount "76"]
[EventDate "2018.10.27"]
[EventType "team-tourn"]
[EventCountry "GER"]
[WhiteTeam "Hofheim SV"]
[BlackTeam "Schwaebisch Hall SK"]
[WhiteTeamCountry "GER"]
[BlackTeamCountry "GER"]

1. e4 c5 2. Nf3 Nc6 3. Bb5 e6 4. Nc3 Nd4 5. Bc4 a6 6. Nxd4 cxd4 7. Ne2 b5 8.
Bb3 Bb7 9. d3 Bc5 10. O-O Ne7 11. Nf4 O-O 12. Qg4 Kh8 13. Nh5 Ng6 14. Qg3 f5
15. Bg5 Be7 16. Bxe7 Qxe7 17. Qc7 Bc6 18. exf5 Rxf5 19. Ng3 Rc5 20. Qa5 Nf4 21.
f3 Rg5 22. Qd2 Rf8 23. Rf2 Rg6 24. Kh1 Qh4 25. Ne4 Bxe4 26. dxe4 e5 27. a4 Rh6
28. h3 Qg3 29. axb5 axb5 30. Qb4 d6 31. Qd2 Rh4 32. Bd5 h6 33. Bc6 Rb8 34. Ra6
b4 35. Bd7 Rd8 36. Rxd6 Rxd7 37. Rxd7 Nxh3 38. Rd8+ Kh7 0-1

[Event "FBL 1"]
[Site "?"]
[Date "2019.02.09"]
[Round "7.4"]
[White "Atalik, Ekaterina"]
[Black "Winterholler, Christina"]
[Result "1-0"]
[WhiteElo "2451"]
[BlackElo "2057"]
[PlyCount "81"]
[EventDate "2018.10.27"]
[EventType "team-tourn"]
[EventCountry "GER"]
[WhiteTeam "Schwaebisch Hall SK"]
[BlackTeam "Hofheim SV"]
[WhiteTeamCountry "GER"]
[BlackTeamCountry "GER"]

1. d4 d5 2. c4 dxc4 3. e4 Nf6 4. e5 Nd5 5. Bxc4 Nb6 6. Bd3 Nc6 7. Ne2 g6 8.
Nbc3 Bg7 9. O-O O-O 10. Be3 f6 11. exf6 exf6 12. Rc1 Kh8 13. Be4 Ne7 14. d5 Nc4
15. Bd4 a6 16. Re1 Bf5 17. Bc5 b5 18. b3 Nd6 19. Nf4 Bxe4 20. Nxe4 Nxe4 21. Ne6
Qxd5 22. Qxd5 Nxd5 23. Bxf8 Bxf8 24. Rxe4 Ba3 25. Rc2 Rc8 26. Rd4 Re8 27. Rxd5
Rxe6 28. Rd8+ Kg7 29. Rxc7+ Kh6 30. g3 Re2 31. Ra8 Rxa2 32. Rxa6 b4 33. Rxf6
Bb2 34. Rff7 Bd4 35. Rc4 Rd2 36. Rxb4 Kg5 37. Kg2 h5 38. h4+ Kh6 39. Rbb7 g5
40. hxg5+ Kxg5 41. Rbd7 1-0

[Event "FBL 1"]
[Site "?"]
[Date "2019.02.09"]
[Round "7.5"]
[White "Roessler, Ulrike"]
[Black "Vega Gutierrez, Sabrina"]
[Result "1-0"]
[WhiteElo "2119"]
[BlackElo "2393"]
[PlyCount "71"]
[EventDate "2018.10.27"]
[EventType "team-tourn"]
[EventCountry "GER"]
[WhiteTeam "Hofheim SV"]
[BlackTeam "Schwaebisch Hall SK"]
[WhiteTeamCountry "GER"]
[BlackTeamCountry "GER"]

1. e4 c5 2. Nf3 Nc6 3. d4 cxd4 4. Nxd4 Nf6 5. Nc3 e5 6. Ndb5 d6 7. Bg5 a6 8.
Na3 b5 9. Nd5 Be7 10. Bxf6 Bxf6 11. c3 Ne7 12. Nc2 Nxd5 13. Qxd5 Ra7 14. a4 Bb7
15. Qd3 Qa8 16. Qxd6 Bxe4 17. Ne3 Rd7 18. Qc5 b4 19. Qxb4 Bg5 20. Bxa6 Be7 21.
Qb5 Bxg2 22. Rg1 Bc6 23. Qe2 g6 24. Bc4 O-O 25. Qg4 Kh8 26. Qh3 Qc8 27. Rg3 Qe8
28. Qh6 f5 29. Be6 f4 30. Rh3 Bc5 31. Bxd7 Qxd7 32. Rd1 fxe3 33. Rxd7 exf2+ 34.
Kd2 f1=N+ 35. Kc1 Be3+ 36. Rxe3 1-0

[Event "FBL 1"]
[Site "?"]
[Date "2019.02.09"]
[Round "7.6"]
[White "Ambartsumova, Karina"]
[Black "Kushka, Alena"]
[Result "1-0"]
[WhiteElo "2396"]
[BlackElo "2167"]
[PlyCount "79"]
[EventDate "2018.10.27"]
[EventType "team-tourn"]
[EventCountry "GER"]
[WhiteTeam "Schwaebisch Hall SK"]
[BlackTeam "Hofheim SV"]
[WhiteTeamCountry "GER"]
[BlackTeamCountry "GER"]

1. Nf3 Nf6 2. c4 c5 3. Nc3 g6 4. e4 Nc6 5. d4 cxd4 6. Nxd4 Bg7 7. Nc2 d6 8. Be2
O-O 9. O-O b6 10. Bg5 Bb7 11. Qd2 Rc8 12. f3 Re8 13. b3 Nd7 14. Rac1 Qc7 15.
Rfd1 Qb8 16. Nd5 f6 17. Be3 Nc5 18. Nf4 e5 19. Nd5 Ne6 20. b4 Rcd8 21. b5 Ne7
22. Ncb4 Qc8 23. Rc3 f5 24. Ra3 f4 25. Bf2 Qb8 26. g3 g5 27. Bf1 fxg3 28. hxg3
Bxd5 29. cxd5 Nd4 30. Qxg5 Qb7 31. Bxd4 exd4 32. Bh3 Rf8 33. Be6+ Kh8 34. Kg2
Rf6 35. Rh1 Rdf8 36. Qd2 Rg6 37. Nc6 Nxc6 38. bxc6 Qe7 39. Bf5 Rgf6 40. Bxh7
1-0

[Event "FBL 1"]
[Site "?"]
[Date "2019.02.09"]
[Round "7.1"]
[White "Georgescu, Lena"]
[Black "Tsolakidou, Stavroula"]
[Result "0-1"]
[WhiteElo "2165"]
[BlackElo "2419"]
[PlyCount "96"]
[EventDate "2018.10.27"]
[EventType "team-tourn"]
[EventCountry "GER"]
[WhiteTeam "Karlsruher SF"]
[BlackTeam "Rodewischer Schachmiezen"]
[WhiteTeamCountry "GER"]
[BlackTeamCountry "GER"]

1. e4 c5 2. Nf3 e6 3. d4 cxd4 4. Nxd4 Nc6 5. Nc3 Qc7 6. Be3 a6 7. a3 Nf6 8. f4
d6 9. Qf3 Be7 10. O-O-O O-O 11. Nxc6 bxc6 12. g4 d5 13. g5 Nd7 14. h4 Rb8 15.
h5 Qa5 16. Nb1 Bc5 17. Bxc5 Qxc5 18. h6 g6 19. Qc3 Qxc3 20. Nxc3 Nb6 21. b3 Bb7
22. Bg2 Rbd8 23. Kb2 d4 24. Ne2 c5 25. Nc1 a5 26. Nd3 Rc8 27. Ne5 f5 28. Rhe1
Rc7 29. Bf3 fxe4 30. Bxe4 Rxf4 31. Bxb7 Rxb7 32. Nd3 Rf5 33. Rxe6 Nc4+ 34. Kc1
Ne3 35. Rg1 a4 36. b4 cxb4 37. Nxb4 Rf2 38. Rc6 Kf7 39. Rc8 Ke7 40. Rc6 Kd7 41.
Rc5 Rc7 42. Rxc7+ Kxc7 43. Kb1 Kb6 44. Re1 Kb5 45. Rg1 Kc4 46. Kc1 d3 47. cxd3+
Kb3 48. Rg3 Nf1 0-1

[Event "FBL 1"]
[Site "?"]
[Date "2019.02.09"]
[Round "7.2"]
[White "Lubbe, Melanie"]
[Black "Muetsch, Annmarie"]
[Result "1/2-1/2"]
[WhiteElo "2292"]
[BlackElo "2239"]
[PlyCount "130"]
[EventDate "2018.10.27"]
[EventType "team-tourn"]
[EventCountry "GER"]
[WhiteTeam "Rodewischer Schachmiezen"]
[BlackTeam "Karlsruher SF"]
[WhiteTeamCountry "GER"]
[BlackTeamCountry "GER"]

1. d4 Nf6 2. Nc3 d5 3. Bf4 e6 4. Nb5 Na6 5. e3 c6 6. Nc3 Nc7 7. a3 Bd6 8. Nf3
O-O 9. Ne5 Qe7 10. Bd3 c5 11. Qf3 c4 12. Be2 Nfe8 13. Qg3 f6 14. Nf3 Bd7 15.
O-O b5 16. e4 Bxf4 17. Qxf4 Nd6 18. exd5 Nxd5 19. Qd2 Bc6 20. Rfe1 Rfe8 21.
Nxd5 Bxd5 22. c3 Nf5 23. Qf4 Qd6 24. Qg4 Nh6 25. Qh3 Rad8 26. a4 a6 27. Bd1 Rb8
28. axb5 axb5 29. Bc2 Qf4 30. Qg3 Qxg3 31. hxg3 b4 32. Ra5 Red8 33. Nd2 Nf7 34.
Rc5 bxc3 35. bxc3 Rb2 36. Rc1 Nd6 37. Nf1 Rc8 38. Ne3 Rxc5 39. dxc5 Nb5 40. Ba4
Nc7 41. Rd1 Ra2 42. Nxd5 Nxd5 43. Bd7 Kf7 44. Re1 e5 45. Bb5 Ra5 46. Bxc4 Rxc5
47. Bb3 Kg6 48. c4 Nb4 49. Rd1 Nc6 50. Bc2+ Kh6 51. Bd3 Nd4 52. f3 f5 53. Re1
g6 54. Kf2 Kg7 55. Rb1 Kf6 56. Rb6+ Rc6 57. Rb7 h5 58. Ke3 Ne6 59. Rb3 f4+ 60.
gxf4 exf4+ 61. Ke4 Rd6 62. Rb5 Rc6 63. Be2 Ra6 64. Rb3 Ra8 65. Rb2 Rd8 1/2-1/2

[Event "FBL 1"]
[Site "?"]
[Date "2019.02.09"]
[Round "7.3"]
[White "Schmidt, Jessica"]
[Black "Movsesian, Julia"]
[Result "1/2-1/2"]
[WhiteElo "2245"]
[BlackElo "2303"]
[PlyCount "48"]
[EventDate "2018.10.27"]
[EventType "team-tourn"]
[EventCountry "GER"]
[WhiteTeam "Karlsruher SF"]
[BlackTeam "Rodewischer Schachmiezen"]
[WhiteTeamCountry "GER"]
[BlackTeamCountry "GER"]

1. d4 Nf6 2. Nf3 e6 3. c4 d5 4. Nc3 dxc4 5. e3 a6 6. Bxc4 b5 7. Be2 Bb7 8. O-O
Nbd7 9. a3 c5 10. dxc5 Bxc5 11. b4 Ba7 12. a4 bxa4 13. Rxa4 Qc7 14. Qb3 Bb8 15.
g3 h5 16. e4 Nxe4 17. Nxe4 Bxe4 18. Rxa6 Rxa6 19. Bxa6 Qc6 20. Be2 Bd5 21. Qe3
Qb7 22. Bb2 Ba7 23. Qf4 Bb8 24. Qe3 Ba7 1/2-1/2

[Event "FBL 1"]
[Site "?"]
[Date "2019.02.09"]
[Round "7.4"]
[White "Hagarova, Zuzana"]
[Black "Mader, Manuela"]
[Result "1-0"]
[WhiteElo "2299"]
[BlackElo "2168"]
[PlyCount "71"]
[EventDate "2018.10.27"]
[EventType "team-tourn"]
[EventCountry "GER"]
[WhiteTeam "Rodewischer Schachmiezen"]
[BlackTeam "Karlsruher SF"]
[WhiteTeamCountry "GER"]
[BlackTeamCountry "GER"]

1. e4 c6 2. d4 d5 3. Nd2 dxe4 4. Nxe4 Bf5 5. Ng3 Bg6 6. N1e2 e6 7. Nf4 Qc7 8.
Bc4 Bd6 9. Qf3 Nf6 10. O-O Nd5 11. Nfh5 O-O 12. Bb3 b5 13. h4 Nd7 14. Ne4 Bxe4
15. Qxe4 g6 16. Ng3 Bxg3 17. fxg3 Qxg3 18. Bg5 h5 19. c3 Qg4 20. Qd3 e5 21.
Rae1 exd4 22. cxd4 N7b6 23. Rf6 Kg7 24. Rf2 Rae8 25. Ref1 Qe4 26. Qd2 f5 27.
Bh6+ Kh7 28. Bc2 Qxh4 29. Bxf8 Rxf8 30. Re1 Nc4 31. Qd3 Nb4 32. Qe2 Qxd4 33.
Qe7+ Kg8 34. Qxb4 a5 35. Qc3 Qb6 36. Re7 1-0

[Event "FBL 1"]
[Site "?"]
[Date "2019.02.09"]
[Round "7.5"]
[White "Rubina, Tatiana"]
[Black "Korenova, Martina"]
[Result "0-1"]
[WhiteElo "1995"]
[BlackElo "2174"]
[PlyCount "74"]
[EventDate "2018.10.27"]
[EventType "team-tourn"]
[EventCountry "GER"]
[WhiteTeam "Karlsruher SF"]
[BlackTeam "Rodewischer Schachmiezen"]
[WhiteTeamCountry "GER"]
[BlackTeamCountry "GER"]

1. e4 e5 2. Nf3 Nc6 3. Bc4 Bc5 4. c3 Nf6 5. d3 d6 6. Bb3 Bg4 7. h3 Bh5 8. Nbd2
d5 9. O-O d4 10. g4 Bg6 11. Nc4 Nd7 12. Ba4 dxc3 13. Bxc6 bxc6 14. bxc3 Qf6 15.
Re1 h5 16. g5 Qe6 17. Kg2 O-O 18. Qe2 f5 19. gxf6 Rxf6 20. d4 Raf8 21. Ncd2
exd4 22. cxd4 Bb4 23. Rf1 Bxd2 24. Nxd2 Nb6 25. f3 Nd5 26. Nb3 Nc3 27. Qb2 Rxf3
28. Rxf3 Rxf3 29. Kxf3 Qxh3+ 30. Kf4 Qg4+ 31. Ke3 Nd1+ 32. Kd2 Nxb2 33. Bxb2
Qxe4 34. Rc1 Qd3+ 35. Ke1 h4 36. Rd1 Qe3+ 37. Kf1 Bd3+ 0-1

[Event "FBL 1"]
[Site "?"]
[Date "2019.02.09"]
[Round "7.6"]
[White "Kanakova, Natalie"]
[Black "Scheynin, Julia"]
[Result "1/2-1/2"]
[WhiteElo "2203"]
[BlackElo "2015"]
[PlyCount "137"]
[EventDate "2018.10.27"]
[EventType "team-tourn"]
[EventCountry "GER"]
[WhiteTeam "Rodewischer Schachmiezen"]
[BlackTeam "Karlsruher SF"]
[WhiteTeamCountry "GER"]
[BlackTeamCountry "GER"]

1. Nf3 d5 2. e3 c5 3. c4 Nf6 4. cxd5 Nxd5 5. Nc3 Nb6 6. d4 e6 7. Bd3 Nc6 8. O-O
Be7 9. a3 cxd4 10. exd4 O-O 11. Bc2 Bf6 12. Qd3 g6 13. Rd1 a6 14. Bh6 Re8 15.
Ne4 Be7 16. h4 Nd5 17. h5 Nf6 18. hxg6 hxg6 19. Neg5 Qd5 20. Nh4 Qb5 21. Qf3
Qxb2 22. Nxg6 Qxc2 23. Nxe7+ Rxe7 24. Qxf6 Qg6 25. Ne4 Kh7 26. Qxg6+ Kxg6 27.
Bg5 Rd7 28. Bf6 b6 29. Rab1 Bb7 30. f3 Na5 31. Bh4 Nc4 32. Rb3 f5 33. Nf2 Bd5
34. Rc3 f4 35. Nd3 Kf5 36. Bf2 Rg7 37. Kf1 Rag8 38. Ne1 Rh8 39. Ke2 b5 40. Rdc1
Rc8 41. Rb1 Rb8 42. Kd3 Rbb7 43. Ke2 Rb6 44. Rcb3 Rbb7 45. Rc3 a5 46. Rcb3 Nd6
47. R3b2 Bc4+ 48. Kd1 Rg8 49. d5 exd5 50. Bc5 Nf7 51. Nc2 Rc8 52. Bf2 Bd3 53.
Nd4+ Ke5 54. Rc1 Rxc1+ 55. Kxc1 a4 56. Rd2 Bc4 57. Nc6+ Kf5 58. Nb4 Rd7 59. g4+
fxg3 60. Bxg3 Ng5 61. Rd4 Ne6 62. Rh4 Rg7 63. Rh5+ Rg5 64. Rxg5+ Nxg5 65. f4
Ne4 66. Bh2 Nc5 67. Kd2 d4 68. Nc2 Ne6 69. Bg1 1/2-1/2

[Event "FBL 1"]
[Site "?"]
[Date "2019.02.09"]
[Round "7.1"]
[White "Sieber, Fiona"]
[Black "Unuk, Laura"]
[Result "1-0"]
[WhiteElo "2323"]
[BlackElo "2263"]
[PlyCount "141"]
[EventDate "2018.10.27"]
[EventType "team-tourn"]
[EventCountry "GER"]
[WhiteTeam "Lehrte SK"]
[BlackTeam "Norderstedt TuRa Harksheide"]
[WhiteTeamCountry "GER"]
[BlackTeamCountry "GER"]

1. e4 e5 2. Nf3 Nc6 3. Bb5 a6 4. Ba4 Nf6 5. O-O b5 6. Bb3 Bc5 7. a4 Rb8 8. c3
d6 9. d4 Bb6 10. a5 Ba7 11. Be3 Ra8 12. h3 O-O 13. Nbd2 h6 14. Qe2 exd4 15.
cxd4 Re8 16. Rfe1 Nb4 17. e5 Nfd5 18. Ne4 Be6 19. Bd2 dxe5 20. dxe5 Nf4 21.
Bxf4 Bxb3 22. Nfd2 Bc2 23. Qg4 Kh8 24. Qh5 Nd5 25. Bxh6 gxh6 26. Qxh6+ Kg8 27.
Ra3 Re6 28. Rg3+ Rg6 29. Rxg6+ fxg6 30. Qxg6+ Kh8 31. Nf3 Qg8 32. Qh6+ Qh7 33.
Qc6 Rg8 34. Qxd5 Qg6 35. Neg5 c6 36. Qf7 Qxf7 37. Nxf7+ Kg7 38. e6 Bb3 39. Nd6
Bb8 40. e7 Bf7 41. e8=Q Bxe8 42. Nxe8+ Kf7 43. Nd4 Rxe8 44. Rxe8 Kxe8 45. Nxc6
Bd6 46. Nd4 Be5 47. Nb3 Bxb2 48. f4 Kf7 49. Kf2 Kg6 50. g4 Bf6 51. Kf3 Bd8 52.
Ke4 b4 53. Kd5 Bc7 54. f5+ Kg5 55. Ke6 Bd8 56. h4+ Kxh4 57. f6 Bxf6 58. Kxf6
Kxg4 59. Ke5 Kf3 60. Kd4 Kf4 61. Nc5 Kf5 62. Kc4 Ke5 63. Nxa6 b3 64. Kxb3 Kd6
65. Kc4 Kc6 66. Nc5 Kc7 67. Kb5 Kb8 68. Kb6 Ka8 69. Ne6 Kb8 70. a6 Ka8 71. Nc7+
1-0

[Event "FBL 1"]
[Site "?"]
[Date "2019.02.09"]
[Round "7.2"]
[White "Antolak, Julia"]
[Black "Hapala, Elisabeth"]
[Result "1-0"]
[WhiteElo "2192"]
[BlackElo "2136"]
[PlyCount "91"]
[EventDate "2018.10.27"]
[EventType "team-tourn"]
[EventCountry "GER"]
[WhiteTeam "Norderstedt TuRa Harksheide"]
[BlackTeam "Lehrte SK"]
[WhiteTeamCountry "GER"]
[BlackTeamCountry "GER"]

1. e4 c5 2. Nf3 e6 3. d4 cxd4 4. Nxd4 a6 5. c4 Nf6 6. Nc3 Qc7 7. Be2 Bb4 8. Nc2
Be7 9. O-O d6 10. f4 O-O 11. Be3 Nbd7 12. Qe1 b6 13. Bf3 Bb7 14. Rd1 Qxc4 15.
e5 Nd5 16. Na3 Qc7 17. Nxd5 exd5 18. Qg3 dxe5 19. Bxd5 Bxd5 20. Rxd5 exf4 21.
Bxf4 Qc6 22. Rfd1 Nf6 23. Bh6 Bc5+ 24. Kh1 g6 25. Rxc5 Qxc5 26. Bxf8 Rxf8 27.
Qd6 Qf2 28. Nc4 Ne4 29. Qd4 Qe2 30. Kg1 Rc8 31. Ne3 Qf2+ 32. Kh1 Qf4 33. Kg1
Qf2+ 34. Kh1 Re8 35. Nd5 Qe2 36. Kg1 b5 37. Nc7 Rc8 38. Nd5 Rc2 39. Ne7+ Kf8
40. Nxg6+ fxg6 41. Qd8+ Kf7 42. Rd7+ Ke6 43. Re7+ Kf5 44. Qd5+ Kf4 45. Qe5+ Kg4
46. h3+ 1-0

[Event "FBL 1"]
[Site "?"]
[Date "2019.02.09"]
[Round "7.3"]
[White "Schulze, Lara"]
[Black "Gosciniak, Maria"]
[Result "1-0"]
[WhiteElo "2219"]
[BlackElo "2114"]
[PlyCount "95"]
[EventDate "2018.10.27"]
[EventType "team-tourn"]
[EventCountry "GER"]
[WhiteTeam "Lehrte SK"]
[BlackTeam "Norderstedt TuRa Harksheide"]
[WhiteTeamCountry "GER"]
[BlackTeamCountry "GER"]

1. e4 Nf6 2. e5 Nd5 3. c4 Nb6 4. d4 d6 5. exd6 exd6 6. Nc3 Be7 7. Bd3 Nc6 8.
Nge2 O-O 9. O-O Nb4 10. Bb1 d5 11. c5 Nc4 12. a3 Nc6 13. Nf4 Bg5 14. b3 N4a5
15. b4 Bxf4 16. Bxf4 Nc4 17. Re1 Be6 18. Nb5 Rc8 19. Qd3 g6 20. Qg3 a6 21. Nxc7
Nxd4 22. Nxe6 Nxe6 23. Bh6 Re8 24. Bd3 Qf6 25. h4 Nb2 26. Bf1 Na4 27. Rac1 a5
28. Bb5 Nb2 29. Bxe8 Rxe8 30. Qc3 Qxc3 31. Rxc3 d4 32. Rc2 Nd3 33. Rd1 Ne5 34.
Bc1 axb4 35. axb4 Rd8 36. Kf1 h5 37. b5 Rc8 38. Ba3 Kg7 39. c6 bxc6 40. Bd6 Nd7
41. Rxc6 Ra8 42. Ra6 Rc8 43. Rda1 Rc2 44. Ra7 Nf6 45. b6 Rb2 46. b7 Nd7 47.
b8=Q Rxb8 48. Rxd7 1-0

[Event "FBL 1"]
[Site "?"]
[Date "2019.02.09"]
[Round "7.4"]
[White "Brandt, Carina"]
[Black "Manusina, Nicole"]
[Result "1/2-1/2"]
[WhiteElo "2091"]
[BlackElo "1988"]
[PlyCount "96"]
[EventDate "2018.10.27"]
[EventType "team-tourn"]
[EventCountry "GER"]
[WhiteTeam "Norderstedt TuRa Harksheide"]
[BlackTeam "Lehrte SK"]
[WhiteTeamCountry "GER"]
[BlackTeamCountry "GER"]

1. e4 c6 2. d4 d5 3. Nd2 dxe4 4. Nxe4 Bf5 5. Ng3 Bg6 6. h4 h6 7. Nf3 Nd7 8. h5
Bh7 9. Bd3 Bxd3 10. Qxd3 e6 11. Bd2 Qc7 12. O-O-O O-O-O 13. Kb1 Ngf6 14. Ne4
Nxe4 15. Qxe4 Nf6 16. Qe2 Kb8 17. g3 Ka8 18. c4 Bd6 19. Rh4 Rhe8 20. Be3 Qa5
21. Rd3 Qf5 22. Kc1 Ng4 23. Nd2 Nxe3 24. Rxe3 Bb8 25. c5 Qd5 26. Nc4 Bc7 27. b4
Re7 28. Ra3 Kb8 29. Ne3 Qd7 30. Qc4 e5 31. Rd3 Qe8 32. Nf5 Red7 33. Re4 Qh8 34.
b5 g6 35. hxg6 fxg6 36. Nh4 Qf6 37. dxe5 Bxe5 38. Rxd7 Rxd7 39. f4 Bb2+ 40. Kc2
Ba1 41. Re8+ Kc7 42. b6+ axb6 43. cxb6+ Kxb6 44. Qb4+ Kc7 45. Qa5+ Kd6 46. Qb4+
Kc7 47. Qa5+ Kd6 48. Qb4+ Kc7 1/2-1/2

[Event "FBL 1"]
[Site "?"]
[Date "2019.02.09"]
[Round "7.5"]
[White "Zschischang, Marine"]
[Black "Waechter, Nathalie"]
[Result "1/2-1/2"]
[WhiteElo "2068"]
[BlackElo "2051"]
[PlyCount "177"]
[EventDate "2018.10.27"]
[EventType "team-tourn"]
[EventCountry "GER"]
[WhiteTeam "Lehrte SK"]
[BlackTeam "Norderstedt TuRa Harksheide"]
[WhiteTeamCountry "GER"]
[BlackTeamCountry "GER"]

1. d4 d5 2. c4 e6 3. Nc3 Nf6 4. Bg5 Be7 5. e3 h6 6. Bh4 O-O 7. Nf3 b6 8. cxd5
Nxd5 9. Bxe7 Nxe7 10. Bd3 Bb7 11. O-O Nd7 12. b4 c5 13. bxc5 bxc5 14. Be4 Bxe4
15. Nxe4 Qa5 16. dxc5 Nxc5 17. Qd6 Nxe4 18. Qxe7 Rac8 19. Nd4 Rc7 20. Nb3 Rxe7
21. Nxa5 Rc8 22. Rfc1 Rec7 23. Nb3 Rc2 24. f3 Nd2 25. Rxc2 Rxc2 26. Nxd2 Rxd2
27. a4 g6 28. Rc1 Ra2 29. Rc4 Kg7 30. h4 h5 31. Kh2 Kf6 32. Kg3 a6 33. e4 Ke5
34. Rc5+ Kd6 35. Ra5 f6 36. Rxa6+ Ke5 37. Ra5+ Kd4 38. Ra6 Ke5 39. a5 Ra3 40.
Ra8 f5 41. exf5 exf5 42. a6 f4+ 43. Kf2 Ra2+ 44. Kf1 Kf6 45. Ke1 Kf7 46. Kd1
Kg7 47. a7 Ra5 48. Kd2 Ra3 49. Kc2 Ra6 50. Kb3 Rb6+ 51. Kc4 Ra6 52. Kb5 Ra1 53.
Kb6 Rb1+ 54. Kc6 Rc1+ 55. Kd5 Ra1 56. Ke4 Ra4+ 57. Ke5 Kh7 58. Kf6 Ra6+ 59. Kg5
Ra4 60. Re8 Rxa7 61. Kxf4 Kg7 62. g4 hxg4 63. Kxg4 Ra1 64. Re5 Rg1+ 65. Kf4 Kf6
66. Ra5 Rh1 67. Kg3 Kg7 68. Ra2 Rg1+ 69. Rg2 Ra1 70. Kg4 Kf6 71. Rh2 Ra4+ 72.
Kg3 Ra5 73. Kg4 Ra4+ 74. f4 Ra1 75. h5 gxh5+ 76. Rxh5 Rg1+ 77. Kf3 Rf1+ 78. Ke3
Re1+ 79. Kf2 Ra1 80. Re5 Ra2+ 81. Kf3 Ra3+ 82. Kg4 Ra1 83. Rb5 Rg1+ 84. Kf3
Rf1+ 85. Kg3 Rg1+ 86. Kf2 Rg4 87. Kf3 Rg1 88. Rb3 Kf5 89. Rb5+ 1/2-1/2

[Event "FBL 1"]
[Site "?"]
[Date "2019.02.09"]
[Round "7.6"]
[White "Rosmait, Emily"]
[Black "Markgraf, Claudia"]
[Result "1/2-1/2"]
[WhiteElo "1895"]
[BlackElo "1996"]
[PlyCount "82"]
[EventDate "2018.10.27"]
[EventType "team-tourn"]
[EventCountry "GER"]
[WhiteTeam "Norderstedt TuRa Harksheide"]
[BlackTeam "Lehrte SK"]
[WhiteTeamCountry "GER"]
[BlackTeamCountry "GER"]

1. e4 Nf6 2. e5 Nd5 3. d4 d6 4. Nf3 Bg4 5. Be2 e6 6. exd6 cxd6 7. O-O Be7 8. c4
Nb6 9. b3 O-O 10. Nc3 d5 11. c5 N6d7 12. Bf4 b6 13. b4 a5 14. a3 Nf6 15. Nb5
Na6 16. Rb1 Ne4 17. Ne5 Bxe2 18. Qxe2 Nb8 19. Rfc1 f6 20. Nd3 axb4 21. axb4
bxc5 22. Nc7 e5 23. Nxa8 cxd4 24. Bd2 Na6 25. b5 Nac5 26. Nxc5 Bxc5 27. Bb4
Bxb4 28. Rxb4 Qxa8 29. b6 Nc3 30. Qb2 Rb8 31. g3 Qa6 32. Ra1 Qd3 33. b7 e4 34.
Ra8 Ne2+ 35. Kg2 Nf4+ 36. gxf4 Qf3+ 37. Kf1 Qd1+ 38. Kg2 Qf3+ 39. Kg1 Qd1+ 40.
Kg2 Qf3+ 41. Kg1 Qd1+ 1/2-1/2

[Event "FBL 1"]
[Site "?"]
[Date "2019.02.10"]
[Round "8.1"]
[White "Tsolakidou, Stavroula"]
[Black "Stefanova, Antoaneta"]
[Result "1/2-1/2"]
[WhiteElo "2419"]
[BlackElo "2486"]
[PlyCount "100"]
[EventDate "2018.10.27"]
[EventType "team-tourn"]
[EventCountry "GER"]
[WhiteTeam "Rodewischer Schachmiezen"]
[BlackTeam "Baden Baden OSG"]
[WhiteTeamCountry "GER"]
[BlackTeamCountry "GER"]

1. Nf3 d5 2. d4 c6 3. c4 e6 4. g3 dxc4 5. Bg2 b5 6. Ne5 Bb7 7. O-O Nd7 8. Nxc6
Qb6 9. Be3 Qa6 10. d5 exd5 11. Nd4 b4 12. a4 Ngf6 13. Nb5 Bd6 14. Bd4 O-O 15.
e4 Rfd8 16. exd5 Ne5 17. f4 Ned7 18. Nd2 Bxd5 19. Bxd5 Nxd5 20. Nxd6 Qxd6 21.
Nxc4 Qe6 22. Qb3 Rac8 23. Ne3 Nc5 24. Bxc5 Rxc5 25. Rfd1 Qc8 26. Qd3 Rd7 27.
Qf5 Qd8 28. Rd4 g6 29. Qd3 Nf6 30. Rxd7 Qxd7 31. Qxd7 Nxd7 32. a5 Nb8 33. a6
Rc6 34. Nd5 Rxa6 35. Rc1 Kg7 36. Nxb4 Rb6 37. Nd3 Nc6 38. Rc4 Rb3 39. Rxc6 Rxd3
40. Ra6 Rd1+ 41. Kg2 Rd2+ 42. Kg1 Rxb2 43. Rxa7 h5 44. Ra5 Kf6 45. Rc5 Ra2 46.
Rb5 h4 47. gxh4 Ra4 48. h5 Rxf4 49. Rb6+ Kg5 50. hxg6 fxg6 1/2-1/2

[Event "FBL 1"]
[Site "?"]
[Date "2019.02.10"]
[Round "8.2"]
[White "Kovalevskaya, Ekaterina"]
[Black "Lubbe, Melanie"]
[Result "1-0"]
[WhiteElo "2409"]
[BlackElo "2292"]
[PlyCount "99"]
[EventDate "2018.10.27"]
[EventType "team-tourn"]
[EventCountry "GER"]
[WhiteTeam "Baden Baden OSG"]
[BlackTeam "Rodewischer Schachmiezen"]
[WhiteTeamCountry "GER"]
[BlackTeamCountry "GER"]

1. Nf3 Nf6 2. g3 g6 3. Bg2 Bg7 4. O-O O-O 5. d4 d6 6. Re1 Nbd7 7. e4 e5 8. Nc3
Re8 9. h3 c6 10. a4 Qc7 11. Be3 b6 12. Qd2 Bb7 13. Bh6 a6 14. Bxg7 Kxg7 15.
Rad1 b5 16. Nh4 Rad8 17. dxe5 dxe5 18. Qg5 Re6 19. Nf5+ Kh8 20. Nh6 Kg7 21. h4
Ng8 22. Nf5+ Kf8 23. Nh6 Nxh6 24. Qxh6+ Kg8 25. Bh3 Ree8 26. Qe3 b4 27. Nb1 Nf6
28. f3 c5 29. Nd2 Rd6 30. Nc4 Rd4 31. Bf1 Qd7 32. Rxd4 cxd4 33. Qg5 Nh5 34. Kh2
Qc7 35. b3 Kg7 36. Qd2 a5 37. Qf2 h6 38. Bd3 g5 39. hxg5 hxg5 40. Rh1 Rh8 41.
Kg1 Bc8 42. Qh2 f5 43. exf5 Bb7 44. g4 Bxf3 45. f6+ Kg8 46. Nxe5 Bxh1 47. Bc4+
Qxc4 48. Nxc4 Nxf6 49. Qe5 Kf7 50. Nd6+ 1-0

[Event "FBL 1"]
[Site "?"]
[Date "2019.02.10"]
[Round "8.3"]
[White "Movsesian, Julia"]
[Black "Kachiani Gersinska, Ketino"]
[Result "1/2-1/2"]
[WhiteElo "2303"]
[BlackElo "2313"]
[PlyCount "44"]
[EventDate "2018.10.27"]
[EventType "team-tourn"]
[EventCountry "GER"]
[WhiteTeam "Rodewischer Schachmiezen"]
[BlackTeam "Baden Baden OSG"]
[WhiteTeamCountry "GER"]
[BlackTeamCountry "GER"]

1. e4 c6 2. d4 d5 3. exd5 cxd5 4. c4 Nf6 5. Nc3 Nc6 6. Bg5 Be6 7. Nf3 g6 8. Be2
Bg7 9. O-O O-O 10. c5 Ne4 11. Be3 Nxc3 12. bxc3 b6 13. cxb6 axb6 14. h3 Na5 15.
Qc1 Nc4 16. Bh6 Nd6 17. Re1 Rc8 18. Bd3 Bf5 19. Bxg7 Kxg7 20. Bxf5 Nxf5 21. Rb1
Qc7 22. Rb3 Rfd8 1/2-1/2

[Event "FBL 1"]
[Site "?"]
[Date "2019.02.10"]
[Round "8.4"]
[White "Arakhamia Grant, Ketevan"]
[Black "Hagarova, Zuzana"]
[Result "1/2-1/2"]
[WhiteElo "2377"]
[BlackElo "2299"]
[PlyCount "109"]
[EventDate "2018.10.27"]
[EventType "team-tourn"]
[EventCountry "GER"]
[WhiteTeam "Baden Baden OSG"]
[BlackTeam "Rodewischer Schachmiezen"]
[WhiteTeamCountry "GER"]
[BlackTeamCountry "GER"]

1. e4 c5 2. Nf3 Nc6 3. Bb5 g6 4. Bxc6 bxc6 5. O-O Bg7 6. c3 Nh6 7. h3 O-O 8. d4
d5 9. e5 cxd4 10. cxd4 f6 11. Nc3 Nf7 12. exf6 exf6 13. Re1 Re8 14. Bf4 g5 15.
Bh2 Bf5 16. Rc1 Qd7 17. Na4 Rxe1+ 18. Qxe1 Re8 19. Qc3 Nd8 20. Nc5 Qf7 21. Nd2
Bh6 22. g4 Bg6 23. Nf1 Bf8 24. Ne3 Ne6 25. Nxe6 Rxe6 26. Nf5 h5 27. Qf3 h4 28.
Kg2 Qb7 29. b3 Qa6 30. a4 Qb7 31. Rc3 Re1 32. Re3 Rxe3 33. Qxe3 Qd7 34. Qd3 Kf7
35. f4 gxf4 36. Bxf4 Qe6 37. Bd2 c5 38. dxc5 Bxc5 39. b4 Bf8 40. Bc3 Be7 41.
Kf2 a6 42. Qf3 d4 43. Nxd4 Qa2+ 44. Qe2 Qxa4 45. Qe6+ Kf8 46. Bd2 Qd1 47. Bh6+
Ke8 48. Qc6+ Kf7 49. Qe6+ Ke8 50. Qc8+ Kf7 51. Qc4+ Ke8 52. Qg8+ Kd7 53. Qd5+
Ke8 54. Qc6+ Kf7 55. Qc4+ 1/2-1/2